Honduras : Request for Stand-By Arrangement-Staff Report; Staff Statement; Press Release on the Executive Board Discussion; and Statement by the Executive Director for Honduras.

This paper discusses request from Honduras' authorities for a Stand-By Arrangement (SBA). Honduras has had three previous Poverty Reduction and Growth Facility (PRGF) arrangements, the last of which ended in February 2007. The most recent PRGF program focused on fiscal consolidation and structu...

全面介紹

書目詳細資料
企業作者: International Monetary Fund
格式: 雜誌
語言:English
出版: Washington, D.C. : International Monetary Fund, 2008.
叢編:IMF Staff Country Reports; Country Report ; No. 2008/241
在線閱讀:Full text available on IMF
LEADER 01794cas a2200241 a 4500
001 AALejournalIMF005259
008 230101c9999 xx r poo 0 0eng d
020 |c 5.00 USD 
020 |z 9781451817201 
022 |a 1934-7685 
040 |a BD-DhAAL  |c BD-DhAAL 
110 2 |a International Monetary Fund. 
245 1 0 |a Honduras :   |b Request for Stand-By Arrangement-Staff Report; Staff Statement; Press Release on the Executive Board Discussion; and Statement by the Executive Director for Honduras. 
264 1 |a Washington, D.C. :  |b International Monetary Fund,  |c 2008. 
300 |a 1 online resource (78 pages) 
490 1 |a IMF Staff Country Reports 
500 |a <strong>Off-Campus Access:</strong> No User ID or Password Required 
500 |a <strong>On-Campus Access:</strong> No User ID or Password Required 
506 |a Electronic access restricted to authorized BRAC University faculty, staff and students 
520 3 |a This paper discusses request from Honduras' authorities for a Stand-By Arrangement (SBA). Honduras has had three previous Poverty Reduction and Growth Facility (PRGF) arrangements, the last of which ended in February 2007. The most recent PRGF program focused on fiscal consolidation and structural reforms. However, the program went off track owing to large wage increases granted in 2006, including a four-year agreement with teachers. The authorities are now requesting a 12-month SBA covering economic policies through December 2008. In IMF staff's view, the authorities' program appropriately addresses emerging imbalances. 
538 |a Mode of access: Internet 
830 0 |a IMF Staff Country Reports; Country Report ;  |v No. 2008/241 
856 4 0 |z Full text available on IMF  |u http://elibrary.imf.org/view/journals/002/2008/241/002.2008.issue-241-en.xml  |z IMF e-Library